[Event "NCA-ch (Women)"]
[Site "Managua"]
[Date "2019.04.06"]
[Round "4"]
[White "Arevalo, Maria Gabriela"]
[Black "Narvaez Talavera, Joanie Ellen"]
[Result "0-1"]
[WhiteElo "1538"]
[BlackElo "1670"]
[PlyCount "96"]
[EventDate "2019.03.30"]
[EventType "tourn"]
[EventRounds "9"]
[EventCountry "NCA"]
[SourceTitle "CBM 190 Extra"]
[Source "ChessBase"]
[SourceDate "2019.07.15"]
[SourceVersion "1"]
[SourceVersionDate "2019.07.15"]
[SourceQuality "1"]

1. d4 d5 2. c4 c6 3. e3 Bf5 4. Nc3 e6 5. Nf3 Nf6 6. Nh4 Be4 7. f3 Bg6 8. Nxg6 hxg6 9. Qb3 Qc7 10. cxd5 exd5 11. e4 dxe4 12. fxe4 Nbd7 13. g3 Qb6 14. Qxb6 Nxb6 15. Bf4 Bb4 16. Bg2 0-0-0 17. a3 Be7 18. 0-0-0 Ng4 19. Rd2 g5 20. Bf3 Nh6 21. Be3 Nc4 22. Bf2 Nxd2 23. Kxd2 Ng8 24. Kc2 Nf6 25. g4 Kb8 26. Bg3+ Ka8 27. Rd1 Rd7 28. b4 Bd8 29. Na4 Bb6 30. Nxb6+ axb6 31. Kc3 Re8 32. Re1 Nh7 33. a4 Nf8 34. Kc4 Ne6 35. Bf2 Rh8 36. d5 cxd5+ 37. exd5 Rc8+ 38. Kb3 Nf4 39. Rd1 Rd6 40. h4 gxh4 41. Bxh4 Re8 42. Bf2 g5 43. Kc4 Red8 44. Bg3 Rf6 45. Kd4 Ng6 46. Rc1 Rxf3 47. Bc7 Re8 48. Bxb6 Rf4+ 0-1

[Event "NCA-ch (Women)"]
[Site "Managua"]
[Date "2019.03.30"]
[Round "1"]
[White "Granados Ortiz, Maria Jose"]
[Black "Arevalo, Maria Gabriela"]
[Result "1/2-1/2"]
[WhiteElo "1652"]
[BlackElo "1538"]
[PlyCount "79"]
[EventDate "2019.03.30"]
[EventType "tourn"]
[EventRounds "9"]
[EventCountry "NCA"]
[SourceTitle "CBM 190 Extra"]
[Source "ChessBase"]
[SourceDate "2019.07.15"]
[SourceVersion "1"]
[SourceVersionDate "2019.07.15"]
[SourceQuality "1"]

1. e4 e6 2. d4 d5 3. exd5 exd5 4. Bd3 Bd6 5. Ne2 Nc6 6. c3 Nge7 7. 0-0 Bf5 8. Re1 Qd7 9. Qc2 Bxd3 10. Qxd3 f6 11. Bf4 g5 12. Bxd6 Qxd6 13. Ng3 0-0-0 14. Nf5 Qd7 15. Ng7 Ng6 16. Qf5 Qxf5 17. Nxf5 Rhe8 18. Na3 Nf4 19. Ne3 Re4 20. g3 Nd3 21. Re2 Rde8 22. Kf1 f5 23. Rd2 Nxf2 24. Rxf2 Rxe3 25. Rxf5 Re2 26. Rf2 R2e6 27. Nc2 Na5 28. Rf5 Nc4 29. b3 Nd2+ 30. Kg1 c6 31. Rf2 Ne4 32. Rf3 Nd2 33. Rf2 Ne4 34. Rf3 Nd2 35. Rf2 Ne4 36. Rf3 Nd6 37. Raf1 Re2 38. R1f2 Kd7 39. Kf1 R2e6 40. Kg2 1/2-1/2

[Event "NCA-ch sf (Women)"]
[Site "Managua"]
[Date "2019.03.10"]
[Round "5"]
[White "Castillo Sevilla, Itzell Eyling"]
[Black "Arevalo, Maria Gabriela"]
[Result "0-1"]
[WhiteElo "1394"]
[BlackElo "1538"]
[PlyCount "92"]
[EventDate "2019.03.02"]
[EventType "swiss"]
[EventRounds "9"]
[EventCountry "NCA"]
[SourceTitle "EXT 2020"]
[Source "ChessBase"]
[SourceDate "2019.10.17"]
[SourceVersion "1"]
[SourceVersionDate "2019.10.17"]
[SourceQuality "1"]

1. e4 e6 2. Nf3 d5 3. exd5 exd5 4. d4 Bd6 5. Be3 Ne7 6. Be2 Bf5 7. Nbd2 c6 8. c3 Nd7 9. c4 dxc4 10. Nxc4 Bc7 11. Bd2 f6 12. Bb4 Nb6 13. Qb3 Ned5 14. Ne3 Bg6 15. 0-0 Nxb4 16. Qxb4 Bd6 17. Qd2 Bf7 18. b3 Bf4 19. Qc3 0-0 20. Nc4 Nd5 21. Qc2 Bg6 22. Bd3 Nb4 23. Qb2 Bxd3 24. Rfe1 Bxc4 25. bxc4 Nd3 26. Qxb7 Nxe1 27. Rxe1 Qc7 28. Qb1 Rfe8 29. Qb3 Rxe1+ 30. Nxe1 Bxh2+ 31. Kh1 Rb8 32. Qd3 Bf4 33. Qf5 Re8 34. Nd3 Bd6 35. c5 Bf8 36. g3 Qc8 37. Qh5 Qd7 38. Nf4 Re1+ 39. Kg2 Qxd4 40. Qf5 Qe4+ 41. Qxe4 Rxe4 42. Nd3 Rd4 43. Nf4 Bxc5 44. Ne6 Rc4 45. a4 Rc2 46. Nxc5 Rxc5 0-1

[Event "NCA-ch sf (Women)"]
[Site "Managua"]
[Date "2019.03.03"]
[Round "2"]
[White "Serrano Herrera, Daniela de Andrea"]
[Black "Arevalo, Maria Gabriela"]
[Result "0-1"]
[WhiteElo "1010"]
[BlackElo "1538"]
[PlyCount "78"]
[EventDate "2019.03.02"]
[EventType "swiss"]
[EventRounds "9"]
[EventCountry "NCA"]
[SourceTitle "EXT 2020"]
[Source "ChessBase"]
[SourceDate "2019.10.17"]
[SourceVersion "1"]
[SourceVersionDate "2019.10.17"]
[SourceQuality "1"]

1. e4 e6 2. d4 d5 3. e5 c5 4. c3 Nc6 5. Nf3 Qb6 6. b3 cxd4 7. cxd4 Bb4+ 8. Bd2 Nxd4 9. Bxb4 Nxf3+ 10. Qxf3 Qxb4+ 11. Nd2 Ne7 12. Bd3 Bd7 13. Rd1 Rc8 14. 0-0 Ng6 15. Bxg6 hxg6 16. Qe3 b6 17. Nf3 Rc3 18. Qd2 0-0 19. a3 Qxb3 20. Nd4 Qc4 21. Rc1 Rc8 22. Ne2 Rxc1 23. Rxc1 Qa6 24. Rxc8+ Qxc8 25. h3 Qc5 26. Qb2 Bb5 27. Nc3 Bc4 28. Qc1 b5 29. Qb2 d4 30. Ne4 Qxe5 31. f3 f5 32. Nd2 Qe1+ 33. Kh2 d3 34. Qc3 Qe3 35. Qc1 e5 36. Qc3 Qd4 37. Qc1 e4 38. fxe4 fxe4 39. Nxc4 bxc4 0-1

[Event "NCA-ch (Women)"]
[Site "Managua"]
[Date "2018.05.06"]
[Round "9"]
[White "Becker, Sonja Christine"]
[Black "Arevalo, Maria Gabriela"]
[Result "0-1"]
[WhiteElo "1490"]
[BlackElo "1519"]
[PlyCount "100"]
[EventDate "2018.04.07"]
[EventType "tourn"]
[EventRounds "9"]
[EventCountry "NCA"]
[SourceTitle "EXT 2019"]
[Source "ChessBase"]
[SourceDate "2018.10.10"]
[SourceVersion "1"]
[SourceVersionDate "2018.10.10"]
[SourceQuality "1"]

1. e4 e6 2. d4 d5 3. exd5 exd5 4. Nf3 Bd6 5. Nc3 c6 6. Bd3 Ne7 7. 0-0 0-0 8. Be3 Bf5 9. Nh4 Bg6 10. Bxg6 hxg6 11. f4 Qc7 12. g3 Nd7 13. Qf3 Rae8 14. Rae1 Nf5 15. Nxf5 gxf5 16. Nd1 Nf6 17. Nf2 Re6 18. g4 Nxg4 19. Nxg4 fxg4 20. Qg2 Rfe8 21. Bd2 Rxe1 22. Bxe1 Bxf4 23. Qxg4 Bxh2+ 24. Kg2 Re6 25. Bg3 Bxg3 26. Rh1 Rg6 27. Qh3 Rh6 28. Qg4 Rxh1 29. Kxh1 Qf4 30. Qc8+ Kh7 31. Qh3+ Qh4 32. Qxh4+ Bxh4 33. Kh2 g5 34. Kh3 Kg6 35. b3 f5 36. c4 Bf2 37. cxd5 cxd5 38. a4 g4+ 39. Kh2 Bxd4 40. b4 Kg5 41. b5 f4 42. a5 f3 43. Kg3 Be5+ 44. Kf2 Kh4 45. a6 b6 46. Kg1 Kh3 47. Kh1 g3 48. Kg1 f2+ 49. Kf1 Bd4 50. Ke2 g2 0-1

[Event "NCA-ch (Women)"]
[Site "Managua"]
[Date "2018.05.05"]
[Round "7"]
[White "Alvarez Gutierrez, Patricia"]
[Black "Arevalo, Maria Gabriela"]
[Result "1-0"]
[WhiteElo "1599"]
[BlackElo "1519"]
[PlyCount "77"]
[EventDate "2018.04.07"]
[EventType "tourn"]
[EventRounds "9"]
[EventCountry "NCA"]
[SourceTitle "EXT 2019"]
[Source "ChessBase"]
[SourceDate "2018.10.10"]
[SourceVersion "1"]
[SourceVersionDate "2018.10.10"]
[SourceQuality "1"]

1. d4 Nf6 2. Nf3 e6 3. Bf4 d5 4. e3 Bd6 5. Bg3 b6 6. Nbd2 c5 7. c3 a6 8. Bd3 Nc6 9. Ne5 Bb7 10. 0-0 0-0 11. Qf3 Qc7 12. Nxc6 Bxc6 13. Qe2 Bb7 14. Rac1 c4 15. Bb1 b5 16. b3 Rfd8 17. e4 Nxe4 18. Bxe4 dxe4 19. bxc4 Bxg3 20. hxg3 Qc6 21. c5 Qd5 22. Nb3 Rac8 23. Rfd1 Bc6 24. Na5 Be8 25. c4 bxc4 26. Qxc4 Bb5 27. Qxd5 exd5 28. Nb7 Rd7 29. Nd6 Rcd8 30. Rb1 Bc6 31. Rb6 Bb5 32. Nxb5 axb5 33. Rxb5 Ra7 34. Ra1 Ra4 35. Rc1 Rxd4 36. c6 Rc8 37. c7 Rc4 38. Rxc4 dxc4 39. Rb8 1-0

[Event "NCA-ch (Women)"]
[Site "Managua"]
[Date "2018.04.15"]
[Round "5"]
[White "Granados Ortiz, Maria Jose"]
[Black "Arevalo, Maria Gabriela"]
[Result "1-0"]
[WhiteElo "1626"]
[BlackElo "1519"]
[PlyCount "71"]
[EventDate "2018.04.07"]
[EventType "tourn"]
[EventRounds "9"]
[EventCountry "NCA"]
[SourceTitle "EXT 2019"]
[Source "ChessBase"]
[SourceDate "2018.10.10"]
[SourceVersion "1"]
[SourceVersionDate "2018.10.10"]
[SourceQuality "1"]

1. e4 e6 2. d4 d5 3. exd5 exd5 4. Bd3 Nf6 5. Bg5 Bd6 6. Ne2 c6 7. Nd2 h6 8. Bxf6 Qxf6 9. 0-0 Bg4 10. f3 Be6 11. f4 Bg4 12. Nf3 Bxf4 13. Ne5 Be3+ 14. Kh1 Qe6 15. Rxf7 Qxf7 16. Nxf7 Kxf7 17. Qf1+ Ke7 18. Nf4 Kd6 19. Ng6 Rd8 20. Re1 Bg5 21. Ne5 Bh5 22. Nf7+ Bxf7 23. Qxf7 Rd7 24. Qe6+ Kc7 25. Qe5+ Kb6 26. Qg3 Na6 27. a3 Rf8 28. Rf1 Re8 29. Bg6 Re2 30. Qb3+ Kc7 31. h3 Kd6 32. Qg3+ Ke7 33. Rf7+ Kd8 34. Rxd7+ Kxd7 35. Qg4+ Re6 36. Bf7 1-0

[Event "NCA-ch (Women) sf"]
[Site "Managua"]
[Date "2018.03.18"]
[Round "8"]
[White "Arevalo, Maria Gabriela"]
[Black "Granados Diaz, Maria Esther"]
[Result "0-1"]
[WhiteElo "1509"]
[BlackElo "1827"]
[PlyCount "98"]
[EventDate "2018.03.03"]
[EventType "swiss"]
[EventRounds "9"]
[EventCountry "NCA"]
[SourceTitle "EXT 2019"]
[Source "ChessBase"]
[SourceDate "2018.10.10"]
[SourceVersion "1"]
[SourceVersionDate "2018.10.10"]
[SourceQuality "1"]

1. d4 Nf6 2. Nf3 g6 3. c4 c5 4. e3 Bg7 5. Nc3 cxd4 6. exd4 d5 7. cxd5 0-0 8. Qb3 Nbd7 9. Bf4 Nb6 10. d6 exd6 11. Be2 Nh5 12. Bg5 Qe8 13. 0-0 h6 14. Be3 Bg4 15. Rfe1 Nf6 16. a4 Be6 17. Qd1 Rc8 18. Nb5 Qd7 19. Nxa7 Ra8 20. Nb5 Nfd5 21. a5 Nxe3 22. fxe3 Nc4 23. Bxc4 Bxc4 24. Nc3 Ra6 25. Ra4 Be6 26. Qd3 Rfa8 27. Qb5 Qc7 28. Nd5 Bxd5 29. Qxd5 Rxa5 30. Rxa5 Rxa5 31. Qb3 Ra6 32. Re2 h5 33. Rc2 Qe7 34. Rc8+ Kh7 35. Qc3 Bh6 36. Kf2 Rb6 37. Rc7 Rxb2+ 38. Qxb2 Qxc7 39. Nd2 Qe7 40. Qc3 Qh4+ 41. Kf3 Qxh2 42. Qc7 Kg7 43. Ne4 Qg1 44. Qc3 Qf1+ 45. Kg3 d5 46. Nd6 h4+ 47. Kh2 Qf2 48. Nxb7 Bxe3 49. Qc6 Bf4+ 0-1

[Event "NCA-ch (Women) sf"]
[Site "Managua"]
[Date "2018.03.04"]
[Round "3"]
[White "Arevalo, Maria Gabriela"]
[Black "Medrano Barrera, Jenny Ariadna"]
[Result "1-0"]
[WhiteElo "1509"]
[BlackElo "1181"]
[PlyCount "71"]
[EventDate "2018.03.03"]
[EventType "swiss"]
[EventRounds "9"]
[EventCountry "NCA"]
[SourceTitle "EXT 2019"]
[Source "ChessBase"]
[SourceDate "2018.10.10"]
[SourceVersion "1"]
[SourceVersionDate "2018.10.10"]
[SourceQuality "1"]

1. Nf3 d5 2. d4 c5 3. e3 a6 4. b3 Bg4 5. Bb2 Bxf3 6. Qxf3 Nc6 7. a3 Nf6 8. dxc5 e5 9. b4 Qd7 10. Be2 Be7 11. 0-0 0-0 12. Rd1 d4 13. Bc4 Qg4 14. Qxg4 Nxg4 15. exd4 exd4 16. h3 Nge5 17. Nd2 Bf6 18. Bd5 Rfe8 19. Ne4 Rad8 20. Nxf6+ gxf6 21. Bxc6 Nxc6 22. Rd2 Ne5 23. Rxd4 Rxd4 24. Bxd4 Nd7 25. Kf1 Ne5 26. Re1 Kf8 27. Bxe5 fxe5 28. c4 f6 29. Rd1 f5 30. Rd7 Re7 31. Rxe7 Kxe7 32. Ke2 e4 33. Ke3 Ke6 34. g4 Ke5 35. gxf5 Kxf5 36. b5 1-0

[Event "Central America-chT (Women)"]
[Site "Managua"]
[Date "2015.07.30"]
[Round "5.2"]
[White "Mencos, Claudia"]
[Black "Arevalo, Maria Gabriela"]
[Result "1-0"]
[WhiteElo "2010"]
[BlackElo "1509"]
[PlyCount "93"]
[EventDate "2015.07.27"]
[EventType "team-tourn"]
[EventRounds "5"]
[EventCountry "NCA"]
[SourceTitle "EXT 2016"]
[Source "ChessBase"]
[SourceDate "2015.10.08"]
[SourceVersion "1"]
[SourceVersionDate "2015.10.08"]
[SourceQuality "1"]
[WhiteTeam "Guatemala (W)"]
[BlackTeam "Nicaragua (W)"]
[WhiteTeamCountry "GUA"]
[BlackTeamCountry "NCA"]

1. e4 e6 2. d4 d5 3. Nd2 c5 4. exd5 exd5 5. Ngf3 Nf6 6. Bb5+ Bd7 7. Be2 Nc6 8. 0-0 Bd6 9. dxc5 Bxc5 10. Nb3 Be7 11. c3 0-0 12. Bg5 Bf5 13. Nbd4 Nxd4 14. Nxd4 Bg6 15. Qb3 Rb8 16. Rad1 Ne4 17. Bxe7 Qxe7 18. Qxd5 Rbd8 19. Qa5 Qc5 20. Qxc5 Nxc5 21. Bf3 Be4 22. Bxe4 Nxe4 23. Rfe1 Rfe8 24. Kf1 a6 25. Re3 Kf8 26. Red3 Nc5 27. R3d2 Rd6 28. Nb3 Rxd2 29. Rxd2 Nxb3 30. axb3 Re6 31. b4 Ke7 32. Rd5 Rd6 33. Rc5 Kd7 34. Rh5 h6 35. Rf5 Ke7 36. Re5+ Kd7 37. Ke2 Rg6 38. g3 Re6 39. Rxe6 Kxe6 40. Ke3 b5 41. Kd4 Kd6 42. b3 f6 43. f3 g6 44. h3 h5 45. c4 g5 46. c5+ Ke6 47. g4 1-0